000
00313nam a22001457a 4500
003
OSt
005
20160727222341.0
008
160620b xxu||||| |||| 00| 0 eng d
040
_c
TEST
100
_9
100
_a
Scarborough
245
_a
Doug
_b
Doug
260
_a
N.Y
_b
Golden Books
_c
1999
300
_a
Doug
942
_2
ddc
_c
BK
999
_c
80
_d
80